| 000 | 00931nam a2200181 a 4500 | ||
|---|---|---|---|
| 001 | 31494 | ||
| 005 | 20180713234921.0 | ||
| 008 | 140415s2008 mx 000 0 spa d | ||
| 020 | _a9786074260007 | ||
| 041 | _aspa | ||
| 082 |
_a344.035 _bMEN |
||
| 100 | 1 | _aMENDEZ PAZ, LENIN | |
| 245 | 1 | 0 | _aDERECHO PENITENCIARIO |
| 250 | _a1RA | ||
| 260 |
_aMEXICO : _bOXFORD, _c2008 |
||
| 300 |
_a317 _c18 x 3 x 24 |
||
| 520 | _aEL AUTOR HACE UNA RIGUROSA REVISIÓN CONCEPTUAL EN LA UNIDAD I, ANALIZA LOS SIGNIFICADOS DE DERECHO PENITENCIARIO, PENITENCIARIO, PENITENCIARISMO, PENITENCIARISTA, DERECHO EJECUTIVO PENAL, PENOLOGÍA, POLITICA, CRIINOLOGIA, Y EXPLICA LA RELACIÓN QUE TIENEN CON OTRA CIENCIAS. EL AUTOR PROPONE ENTENDER, LA PRISICÓN COMO PENA Y ESTABLECIMIENTO, DE MANERA REAL, HUMANA PARA LO CUAL DEBEN CREARSE ALTERNATIVAS CON EL FIN DE DAR UNA OPORTUNIDAD DE VIDA AL SUJETO QUE, POR MULTIPLES CIRCUNSTANCIAS | ||
| 999 |
_c31494 _d31494 |
||